Top 16 Countries by Highest Altitude - Statistics

General Stats
  • This quiz has been taken 133 times
  • The average score is 11 of 16
Answer Stats
Hint Answer % Correct
8849m Nepal
99%
8849m China
97%
8586m India
91%
7570m Bhutan
86%
8611m Pakistan
85%
6893m Chile
79%
6960m Argentina
71%
6768m Peru
70%
6190.5m USA
69%
7492m Afghanistan
68%
7495m Tajikistan
63%
5959m Canada
61%
7439m Kyrgyzstan
61%
6542m Bolivia
60%
6267m Ecuador
46%
7010m Kazakhstan
42%
No matching quizzes found
Score Distribution
Percent of People with Each Score
Percentile by Number Answered
Your Score History
You have not taken this quiz